[Event "Sachsen-ch U12 Girls"]
[Site "Sebnitz"]
[Date "2007.04.13"]
[Round "6"]
[White "Glutsch, Marie Luisa"]
[Black "Michels, Marie"]
[Result "1-0"]
[WhiteElo "953"]
[BlackElo "803"]
[PlyCount "85"]
[EventDate "2007.04.10"]
[EventType "swiss"]
[EventRounds "7"]
[EventCountry "GER"]
[SourceTitle "EXT 2008"]
[Source "ChessBase"]
[SourceDate "2007.11.25"]
[SourceVersion "1"]
[SourceVersionDate "2007.11.25"]
[SourceQuality "1"]

1. e4 e5 2. Nf3 Nc6 3. Bc4 Bc5 4. c3 d6 5. d4 exd4 6. cxd4 Bb4+ 7. Nc3 Nf6 8. a3 d5 9. exd5 Bxc3+ 10. bxc3 Na5 11. Be2 Ne4 12. Qc2 Bf5 13. 0-0 Qxd5 14. Qa4+ c6 15. Bd2 0-0 16. c4 Nxc4 17. Bxc4 Qd6 18. Bb4 Qh6 19. Bxf8 Kxf8 20. Qc2 g6 21. Bd3 Nf6 22. Bxf5 gxf5 23. Qc5+ Kg8 24. Qxf5 Kf8 25. Qc5+ Ke8 26. Rfe1+ Kd8 27. Qd6+ Nd7 28. Qxh6 Kc7 29. h3 Rg8 30. Qxh7 Nf6 31. Qxf7+ Kd6 32. Qxf6+ Kc7 33. Qf7+ Kb6 34. Qxg8 c5 35. Rab1+ Kc6 36. Re5 Kc7 37. Rxc5+ Kd7 38. Qg6 b6 39. Rh5 Ke7 40. Rh7+ Kf8 41. Qc6 Kg8 42. Rxa7 Kf8 43. Qc8# 1-0